English Streamline - Connections (Workbook A)

保存先:
書誌詳細
第一著者: Bernard Hartley
フォーマット: 図書
言語:Undetermined
出版事項: Oxford Oxford Univ. Press 1995
主題:
タグ: タグ追加
タグなし, このレコードへの初めてのタグを付けませんか!
Thư viện lưu trữ: Trung tâm Học liệu Trường Đại học Cần Thơ
LEADER 00605nam a2200193Ia 4500
001 CTU_27687
008 210402s9999 xx 000 0 und d
020 |b 18.000đ 
082 |a 428.076 
082 |b H332A/1995 
100 |a Bernard Hartley 
245 0 |a English Streamline - Connections (Workbook A) 
245 0 |c Bernard Hartley, Peter Viney 
260 |a Oxford 
260 |b Oxford Univ. Press 
260 |c 1995 
650 |a english language - problems, exercises, etc,english language - study and teaching 
904 |i Minh, 981231 
980 |a Trung tâm Học liệu Trường Đại học Cần Thơ